000 00232nam a22000857a 4500
008 161108b xxu||||| |||| 00| 0 eng d
100 _91080
_aLal R. B
245 _aThe Spirit of Science in Quest of Truth
260 _aNeW Delhi
_bN B T
_c2005
999 _c3737
_d3737